000 01034cam a2200277 i 4500
020 _a0387101616 (v. 9 : U.S.)
020 _a0387101969 (v. 10 : U.S.)
020 _a0387101977 (v. 11)
020 _a3540121439 (v. 16AB : SpringerVerlag, Berlin)
020 _a0387121439 (v. 16AB : SpringerVerlag, New York)
020 _a354012103X (v. 15AB : SpringerVerlag, Berlin)
020 _a038712103X (v. 15AB : SpringerVerlag, New York)
020 _a3540127380 (v. 17 : SpringerVerlag, Berlin)
020 _a0387127380 (v. 17 : SpringerVerlag, New York)
040 _cDDC
082 _a581 SPR 1975 A063 Or.
245 0 0 _aEncyclopedia of plant physiology :
_bnew series /
260 0 _aBerlin ;
_aNew York :
_bSpringer-Verlag,
_c1975-
300 _av. in :
_bill. ;
_c25 cm.
500 _aEarlier ed. issued in 1955-1967 by W. Ruhland under title: Handbuch der Pflanzenphysiologie.
650 0 _aPlant physiology.
700 1 _aPirson, A.
700 1 _aZimmermann, Martin Huldrych,
700 1 1 _aRuhland, W.
942 _cEK
999 _c15440
_d15440